00244nam a2200109Ia 4500008004100000041000800041100001700049245001800066260002900084300000800113650001300121240614s9999 xx 000 0 und d aeng aJain, Minish aSecret Number bMacmillanc2014aGurgaon a208 aGeneral